• 首页
  • 本馆介绍
  • 公告通知
  • 最新文献
  • 馆藏检索
  • 电子资源
  • 读者导购
  • 参考咨询
  • 我的图书馆
  • 登录
  • 详细信息显示
  • 放入我的书架
  • 预约/预借图书
  • 作者相关作品
  • 分类相关作品
  • 丛书相关作品
  • 出版社相关作品

书目信息

  • 表格格式
  • 工作单格式
  • 卡片格式
题名:
百年后的日本与中国
    
 
作者: ;辛亥革命百周年纪念活动日本执行委员会 编
分册:  
出版信息: 北京   社会科学文献出版社  2012.03
页数: 10,245页
开本: 24cm
丛书名:
单 册:
中图分类: D693.0 , D822.331.3-53
科图分类:
主题词: 中日关系--研究--文集 , 中日关系
电子资源:
ISBN: 978-7-5097-3102-4
000 01126nam0 2200289 450
001 010700125328
005 20120618152322.56
010    @a978-7-5097-3102-4@dCNY49.00
100    @a20120330d2012 em y0chiy50 ea
101 0  @achi@ajpn
102    @aCN@b110000
105    @af z 000yy
106    @ar
200 1  @a百年后的日本与中国@9bai nian hou de ri ben yu zhong guo@e孙中山的梦想与现在@f辛亥革命百周年纪念活动日本执行委员会编
210    @a北京@c社会科学文献出版社@d2012.03
215    @a10,245页@c照片@d24cm
330    @a本书主要内容包括:神户论坛2010——寄语辛亥革命一百周年;孙中山的理想与东亚共同体——如何迎接辛亥革命一百周年共两部分。
517 1  @a孙中山的梦想与现在@9sun zhong shan de meng xiang yu xian zai
600  0 @a孙中山@f(1866-1925)@x思想评论
600  0 @a孙中山@f(1866-1925)
606 0  @a中日关系@x研究@j文集
606 0  @a中日关系
690    @aD693.0@v4
690    @aD822.331.3-53@v4
711 02 @a辛亥革命百周年纪念活动日本执行委员会@9xin hai ge ming bai zhou nian ji nian huo dong ri ben zhi xing wei yuan hui@4编
801  0 @aCN@bRENTIAN@c20120330
905    @b540124-28@dD693.0@e183@f5
    
    百年后的日本与中国:孙中山的梦想与现在/辛亥革命百周年纪念活动日本执行委员会编.-北京:社会科学文献出版社,2012.03
    10,245页:照片;24cm
    
    
    ISBN 978-7-5097-3102-4:CNY49.00
    本书主要内容包括:神户论坛2010——寄语辛亥革命一百周年;孙中山的理想与东亚共同体——如何迎接辛亥革命一百周年共两部分。
●
相关链接 在E读中查询图书 在五车中查询图书 在当当中查询图书 在豆瓣中查询图书


正题名:百年后的日本与中国     索取号:D693.0/183         预约/预借

序号 登录号 条形码 馆藏地/架位号 状态 备注
1 540124   205401242   第一样本阅览室/ [索取号:D693.0/183] 在馆    
2 540125   205401251   第一借阅区/ [索取号:D693.0/183] 在馆    
3 540126   205401260   第一借阅区/ [索取号:D693.0/183] 在馆    
4 540127   205401279   第一借阅区/ [索取号:D693.0/183] 在馆    
5 540128   205401288   第一借阅区/ [索取号:D693.0/183] 在馆    
唐山师范学院图书馆 欢迎您!
大连网信软件有限公司© 版权所有